[Event "Toronto May Norm"]
[Site "Toronto CAN"]
[Date "2022.05.19"]
[Round "8"]
[White "Plotkin, Mark"]
[Black "Song, Michael"]
[Result "1/2-1/2"]
[WhiteElo "2350"]
[BlackElo "2408"]
[PlyCount "53"]
[EventDate "2022.05.16"]
[EventType "tourn"]
[EventRounds "9"]
[EventCountry "CAN"]

1. d4 f5 2. e4 fxe4 3. Nc3 Nf6 4. Bg5 c6 5. f3 e3 6. Bd3 d5 7. Qe2 c5 8. dxc5
d4 9. O-O-O Nbd7 10. Nb5 e5 11. f4 Bxc5 12. Nf3 a6 13. fxe5 axb5 14. exf6 Rxa2
15. c3 gxf6 16. Bb1 Rxb2 17. Kxb2 dxc3+ 18. Ka1 fxg5 19. Qxb5 Qb6 20. Qxb6 Nxb6
21. Rhe1 Bg4 22. Rd3 Bxf3 23. Rxc3 Bd4 24. Rexe3+ Bxe3 25. Rxe3+ Kd7 26. Rxf3
Ra8+ 27. Kb2 1/2-1/2

[Event "Toronto May Norm"]
[Site "Toronto CAN"]
[Date "2022.05.20"]
[Round "9"]
[White "Duong, Thanh Nha"]
[Black "Ivanov, Mike"]
[Result "0-1"]
[WhiteElo "2188"]
[BlackElo "2342"]
[PlyCount "60"]
[EventDate "2022.05.16"]
[EventType "tourn"]
[EventRounds "9"]
[EventCountry "CAN"]

1. Nf3 Nf6 2. c4 g6 3. b4 d6 4. Bb2 c5 5. a3 Bg7 6. g3 b6 7. Bg2 Bb7 8. O-O e5
9. d3 O-O 10. Nc3 Nc6 11. b5 Nd4 12. e4 Qd7 13. a4 a5 14. bxa6 Rxa6 15. Nb5 Ne8
16. Nfxd4 exd4 17. Bc1 Nc7 18. Bf4 Be5 19. Bxe5 dxe5 20. f4 exf4 21. gxf4 f5
22. e5 Ne6 23. h4 Rfa8 24. Bxb7 Qxb7 25. Kh2 h6 26. h5 Qe7 27. Qe1 Rxa4 28.
Rxa4 Rxa4 29. hxg6 Ra2+ 30. Kg1 Nxf4 0-1

[Event "Toronto May Norm"]
[Site "Toronto CAN"]
[Date "2022.05.20"]
[Round "9"]
[White "Oancea, Nicolae"]
[Black "Ouellet, Maili-Jade"]
[Result "0-1"]
[WhiteElo "1855"]
[BlackElo "2193"]
[PlyCount "90"]
[EventDate "2022.05.16"]
[EventType "tourn"]
[EventRounds "9"]
[EventCountry "CAN"]

1. e4 c5 2. a3 g6 3. b4 Bg7 4. Nc3 Nc6 5. b5 Nd4 6. Bc4 e6 7. Nf3 Ne7 8. Rb1 d5
9. exd5 exd5 10. Be2 Nxe2 11. Nxe2 d4 12. O-O O-O 13. h3 Nd5 14. d3 h6 15. Bd2
Re8 16. Re1 Qc7 17. Qc1 Kh7 18. c3 Bf5 19. Qc2 c4 20. Nexd4 Bxd3 21. Qb2 Bxb1
22. Rxb1 Re4 23. Nc2 Rae8 24. Ne3 Nb6 25. Qa2 Qd7 26. Be1 R4e7 27. a4 f5 28. a5
Nd5 29. Rd1 Rxe3 30. fxe3 Qxb5 31. Rb1 Qa6 32. Qa4 Re7 33. Rb5 Qc6 34. a6 b6
35. Bd2 Nxe3 36. Qa3 Rd7 37. Rb2 Nxg2 38. Kf2 Rd3 39. Ng1 Nh4 40. Ke1 Qg2 41.
Qe7 Qxg1+ 42. Ke2 Qg2+ 43. Kd1 Nf3 44. Kc1 Qf1+ 45. Be1 Nxe1 0-1

[Event "Toronto May Norm"]
[Site "Toronto CAN"]
[Date "2022.05.20"]
[Round "9"]
[White "Song, Michael"]
[Black "Jaferian, Koosha"]
[Result "1-0"]
[WhiteElo "2408"]
[BlackElo "2218"]
[PlyCount "69"]
[EventDate "2022.05.16"]
[EventType "tourn"]
[EventRounds "9"]
[EventCountry "CAN"]

1. d4 Nf6 2. Nf3 e6 3. Bf4 c5 4. e3 Nc6 5. Nbd2 cxd4 6. exd4 Nh5 7. Be3 d5 8.
c3 Bd6 9. Ne5 Nf6 10. f4 Ne7 11. Bf2 Nd7 12. Bd3 O-O 13. Qg4 f5 14. Qh3 Nf6 15.
O-O-O Qe8 16. Rhg1 Qh5 17. Qe3 Bxe5 18. dxe5 Ne4 19. h3 Qe8 20. g4 b5 21. Kb1
a5 22. Bh4 b4 23. Bxe7 Qxe7 24. gxf5 exf5 25. c4 Nxd2+ 26. Rxd2 Be6 27. cxd5
Bxd5 28. Bc2 Be6 29. Rd6 Kh8 30. Qb6 Bc8 31. Rgd1 Ra6 32. Qd8 Ra7 33. Qxf8+
Qxf8 34. Rd8 Rf7 35. Bb3 1-0

[Event "Toronto May Norm"]
[Site "Toronto CAN"]
[Date "2022.05.20"]
[Round "9"]
[White "Talukdar, Rohan"]
[Black "Li, Yunshan"]
[Result "1/2-1/2"]
[WhiteElo "2323"]
[BlackElo "2262"]
[PlyCount "76"]
[EventDate "2022.05.16"]
[EventType "tourn"]
[EventRounds "9"]
[EventCountry "CAN"]

1. e4 e6 2. d4 d5 3. Nd2 Nf6 4. e5 Nfd7 5. Bd3 c5 6. c3 Nc6 7. Ne2 cxd4 8. cxd4
f6 9. exf6 Nxf6 10. Nf3 Bd6 11. O-O O-O 12. Bf4 Bxf4 13. Nxf4 Ne4 14. Nh5 Bd7
15. Ng3 Rf4 16. Bxe4 dxe4 17. Qd2 Rg4 18. Ne1 Qg5 19. Qxg5 Rxg5 20. Nc2 Rb5 21.
b3 e5 22. Na3 Rd5 23. dxe5 Rxe5 24. Nc4 Re7 25. Rfe1 Nb4 26. Rxe4 Rxe4 27. Nxe4
Bc6 28. Nc3 a5 29. Rd1 b5 30. Nd6 a4 31. a3 Nc2 32. bxa4 bxa4 33. Nc4 Rc8 34.
Rd2 Be8 35. Rxc2 Rxc4 36. Kf1 Rc7 37. Re2 Bd7 38. Re3 Rb7 1/2-1/2

[Event "Toronto May Norm"]
[Site "Toronto CAN"]
[Date "2022.05.20"]
[Round "9"]
[White "Wang, Tianqi"]
[Black "Plotkin, Mark"]
[Result "1-0"]
[WhiteElo "2262"]
[BlackElo "2350"]
[PlyCount "67"]
[EventDate "2022.05.16"]
[EventType "tourn"]
[EventRounds "9"]
[EventCountry "CAN"]

1. e4 e5 2. Nf3 Nc6 3. Bb5 a6 4. Bxc6 dxc6 5. O-O Bg4 6. h3 h5 7. d3 Qf6 8. Be3
Ne7 9. Nbd2 Rd8 10. Re1 Be6 11. Qe2 Ng6 12. Bg5 Nf4 13. Qf1 Qg6 14. Bxd8 Kxd8
15. Kh1 Bd6 16. Nc4 Qf6 17. d4 exd4 18. Rad1 c5 19. c3 Nxh3 20. e5 Qf5 21. exd6
Bxc4 22. dxc7+ Kc8 23. Qxc4 Nxf2+ 24. Kg1 Nxd1 25. Rxd1 h4 26. cxd4 h3 27. Qxc5
Qg6 28. Qg5 Qc2 29. Rc1 Qd3 30. Qd2 Qf5 31. Ne5 hxg2 32. Qxg2 Rh4 33. Qxg7 Qf4
34. Qg8# 1-0

[Event "Transcontinental ABCD"]
[Site "Montreal CAN"]
[Date "2022.06.03"]
[Round "1"]
[White "Afarian, Aram Sevag"]
[Black "Girard, Sylvain"]
[Result "0-1"]
[WhiteElo "1696"]
[BlackElo "1639"]
[PlyCount "62"]
[EventDate "2022.06.03"]
[EventType "tourn"]
[EventRounds "5"]
[EventCountry "CAN"]

1. e4 c5 2. Nc3 Nc6 3. f4 e6 4. Nf3 a6 5. a4 Nge7 6. Bc4 d5 7. exd5 exd5 8. Ba2
Bf5 9. Nh4 Be6 10. f5 Nxf5 11. Nxf5 Bxf5 12. O-O Be6 13. d3 Be7 14. Qh5 Nb4 15.
Bb1 Qd7 16. Ne2 Bf6 17. c3 Bg4 18. Nf4 Bxh5 19. Nxh5 Nc6 20. d4 Ne7 21. h3
O-O-O 22. dxc5 Kb8 23. Bf4+ Ka8 24. Bd6 Nc8 25. Bg3 Qc6 26. Bf2 Be5 27. b4 Qc7
28. Bh4 Bxc3 29. Bxd8 Rxd8 30. Bd3 Bxa1 31. Rxa1 Qe5 0-1

[Event "Transcontinental ABCD"]
[Site "Montreal CAN"]
[Date "2022.06.03"]
[Round "1"]
[White "Baran, Marius"]
[Black "Messier, David"]
[Result "0-1"]
[WhiteElo "1753"]
[BlackElo "1771"]
[PlyCount "100"]
[EventDate "2022.06.03"]
[EventType "tourn"]
[EventRounds "5"]
[EventCountry "CAN"]

1. d4 c5 2. d5 Nf6 3. c4 e6 4. Nc3 exd5 5. cxd5 d6 6. e4 g6 7. Bd3 Bg7 8. Nf3
O-O 9. O-O Re8 10. Re1 a6 11. a4 Bg4 12. h3 Bxf3 13. Qxf3 Nbd7 14. Qd1 Rc8 15.
Bf4 c4 16. Bc2 Nc5 17. Bh2 b5 18. axb5 axb5 19. f3 Qb6 20. Kh1 Nfd7 21. f4 Re7
22. Bg1 Rce8 23. Qf3 f5 24. e5 dxe5 25. Red1 e4 26. Qe3 b4 27. Na4 Nxa4 28.
Bxa4 Qxe3 29. Bxe3 Bxb2 30. Rab1 Ba3 31. d6 Rf7 32. Bc6 c3 33. Ra1 c2 34. Re1
Rc8 35. Bd5 Bb2 36. Ra7 Rd8 37. g4 Kf8 38. Bxf7 Kxf7 39. Rb7 Ke6 40. Bc1 Bc3
41. Re3 Nc5 42. Rxh7 Rxd6 43. gxf5+ Kxf5 44. Kg2 Rd1 45. Rc7 Nd3 46. Rxc3 bxc3
47. Ba3 Kxf4 48. Re2 Ne1+ 49. Kf2 Nd3+ 50. Kg2 c1=Q 0-1

[Event "Transcontinental ABCD"]
[Site "Montreal CAN"]
[Date "2022.06.03"]
[Round "1"]
[White "Cote, Etienne"]
[Black "Kozlov, Guennadi"]
[Result "1-0"]
[WhiteElo "1796"]
[BlackElo "1833"]
[PlyCount "93"]
[EventDate "2022.06.03"]
[EventType "tourn"]
[EventRounds "5"]
[EventCountry "CAN"]

1. e4 e6 2. d4 d5 3. Nc3 dxe4 4. Nxe4 Nd7 5. Nf3 Ndf6 6. Ng3 a6 7. Bd3 h6 8.
O-O Bd6 9. Ne5 Ne7 10. Nh5 Nxh5 11. Qxh5 Bxe5 12. dxe5 Nf5 13. Qg4 g6 14. Re1
Qe7 15. Qe4 Qh4 16. Qf3 Nd4 17. Qd1 Nc6 18. Re4 Qe7 19. a3 Bd7 20. Qe2 Na7 21.
Be3 Bc6 22. Rb4 a5 23. Rc4 Nc8 24. Bc5 Qg5 25. Rg4 Qh5 26. Rd1 Ne7 27. h3 Nd5
28. c4 Nb6 29. b4 Nd7 30. Bd4 axb4 31. axb4 b6 32. f4 Ra3 33. f5 exf5 34. e6
fxg4 35. exd7+ Kxd7 36. Bxh8 Kc8 37. Qxg4+ Qxg4 38. hxg4 Ra2 39. Bf1 Bd7 40.
Bf6 Bxg4 41. Rd8+ Kb7 42. Bd3 Be6 43. Be4+ c6 44. b5 Kc7 45. Bxc6 Bxc4 46. Rh8
h5 47. Be5# 1-0

[Event "Transcontinental ABCD"]
[Site "Montreal CAN"]
[Date "2022.06.03"]
[Round "1"]
[White "Gauthier, Luc"]
[Black "Forgues, Eric"]
[Result "0-1"]
[WhiteElo "1617"]
[BlackElo "1633"]
[PlyCount "80"]
[EventDate "2022.06.03"]
[EventType "tourn"]
[EventRounds "5"]
[EventCountry "CAN"]

1. e4 c5 2. f4 d6 3. Nf3 Nc6 4. Bb5 Bd7 5. Bxc6 Bxc6 6. d3 e6 7. O-O Be7 8. Nc3
Nf6 9. h3 b5 10. Qe1 b4 11. Nd1 Nd7 12. Ne3 O-O 13. f5 Bf6 14. fxe6 fxe6 15.
Qg3 Ne5 16. Ng4 Nxf3+ 17. Rxf3 Bd4+ 18. Be3 Rxf3 19. Qxf3 Bxb2 20. Rf1 Qe7 21.
Qg3 Rf8 22. Bf4 Bd4+ 23. Ne3 e5 24. Bg5 Rxf1+ 25. Kxf1 Qf7+ 26. Ke2 Bxe3 27.
Bxe3 Qxa2 28. Qg4 Qf7 29. Qc8+ Qe8 30. Qa6 Qd7 31. Qc4+ Kh8 32. Qa6 Bb5 33. Qa5
h6 34. Qa1 Kh7 35. Qf1 c4 36. Qf8 cxd3+ 37. cxd3 a5 38. Qa8 a4 39. Qa5 b3 40.
Qb4 Qc6 0-1

[Event "Transcontinental ABCD"]
[Site "Montreal CAN"]
[Date "2022.06.03"]
[Round "1"]
[White "Goldner, John"]
[Black "Varro, Daniel"]
[Result "1-0"]
[WhiteElo "1740"]
[BlackElo "1774"]
[PlyCount "39"]
[EventDate "2022.06.03"]
[EventType "tourn"]
[EventRounds "5"]
[EventCountry "CAN"]

1. e4 c5 2. b4 cxb4 3. Nf3 e6 4. d4 d5 5. e5 Nc6 6. a3 bxa3 7. c3 Bd7 8. Nxa3
a6 9. Bd3 Be7 10. O-O Rc8 11. Bd2 Na5 12. Qb1 Bxa3 13. Rxa3 Nc4 14. Bxc4 Rxc4
15. Qxb7 Bb5 16. Rb1 Rc7 17. Qb6 h6 18. Rxb5 axb5 19. Qxb5+ Qd7 20. Ra8+ 1-0

[Event "Transcontinental ABCD"]
[Site "Montreal CAN"]
[Date "2022.06.03"]
[Round "1"]
[White "Guipi Bopala, Prince Eric jr"]
[Black "Constantin, David"]
[Result "1/2-1/2"]
[WhiteElo "2029"]
[BlackElo "2082"]
[PlyCount "72"]
[EventDate "2022.06.03"]
[EventType "tourn"]
[EventRounds "5"]
[EventCountry "CAN"]

1. d4 d5 2. c4 c6 3. cxd5 cxd5 4. Nc3 Nc6 5. Bf4 Nf6 6. e3 a6 7. Bd3 Bg4 8.
Nge2 e6 9. O-O Be7 10. h3 Bh5 11. a3 b5 12. b4 Rc8 13. Qd2 O-O 14. Nc1 Bg6 15.
Nb3 a5 16. Bxg6 hxg6 17. Nc5 axb4 18. axb4 Nxb4 19. Nxb5 Nc6 20. Nb7 Ne4 21.
Nxd8 Nxd2 22. Nxc6 Rxc6 23. Rfd1 Rc2 24. Bd6 Bxd6 25. Nxd6 Rd8 26. Nb7 Rb8 27.
Nc5 Ne4 28. Nxe4 dxe4 29. Rac1 Ra2 30. Rb1 Rxb1 31. Rxb1 g5 32. Rb5 f6 33. Rb7
Kf8 34. Rc7 Rb2 35. Ra7 Rc2 36. Rb7 Ra2 1/2-1/2

[Event "Transcontinental ABCD"]
[Site "Montreal CAN"]
[Date "2022.06.03"]
[Round "1"]
[White "Jiang, Barron Jiyu"]
[Black "Fiset, Anais Chloe"]
[Result "1/2-1/2"]
[WhiteElo "1740"]
[BlackElo "1726"]
[PlyCount "71"]
[EventDate "2022.06.03"]
[EventType "tourn"]
[EventRounds "5"]
[EventCountry "CAN"]

1. e4 d5 2. exd5 Qxd5 3. Nc3 Qa5 4. d4 Nf6 5. Nf3 Bf5 6. Bc4 e6 7. O-O Nbd7 8.
Bf4 c6 9. Re1 Bb4 10. Nh4 Bg6 11. Re3 Bh5 12. Nf3 Nb6 13. Re5 Nbd5 14. Nxd5
cxd5 15. Bxd5 Nxd5 16. Rxh5 O-O 17. a3 Qb6 18. Be5 Be7 19. Qd3 g6 20. Rh3 Qxb2
21. Re1 Qxa3 22. Qd2 f6 23. Qh6 Rf7 24. Rf1 Qa6 25. c4 Qxc4 26. Ng5 fxg5 27.
Qxg6+ Kf8 28. Rxh7 Rxh7 29. Qxh7 Rc8 30. Qh8+ Kf7 31. Qh5+ Kf8 32. f4 Ne3 33.
Qh8+ Kf7 34. Qh5+ Kf8 35. Qh8+ Kf7 36. Qh5+ 1/2-1/2

[Event "Transcontinental ABCD"]
[Site "Montreal CAN"]
[Date "2022.06.03"]
[Round "1"]
[White "Letarte-Lavoie, Francis"]
[Black "Turcotte, Jonathan"]
[Result "1/2-1/2"]
[WhiteElo "1865"]
[BlackElo "1994"]
[PlyCount "65"]
[EventDate "2022.06.03"]
[EventType "tourn"]
[EventRounds "5"]
[EventCountry "CAN"]

1. e4 c6 2. d4 d5 3. Nc3 dxe4 4. Nxe4 Bf5 5. Ng3 Bg6 6. h4 h6 7. Nf3 Nd7 8. h5
Bh7 9. Bd3 Bxd3 10. Qxd3 e6 11. Bd2 Ngf6 12. O-O-O Be7 13. Kb1 O-O 14. Ne4 Nxe4
15. Qxe4 Nf6 16. Qe2 Qd5 17. g4 Qe4 18. Rde1 Qxe2 19. Rxe2 Nxg4 20. Rg1 f5 21.
Ne1 Kf7 22. Nd3 Bd6 23. Bf4 Bxf4 24. Nxf4 Rfe8 25. f3 Nf6 26. c3 Nd5 27. Nd3
Rad8 28. Reg2 Rg8 29. Ne5+ Kf8 30. Ng6+ Kf7 31. Ne5+ Kf8 32. Ng6+ Ke8 33. Ne5
1/2-1/2

[Event "Transcontinental ABCD"]
[Site "Montreal CAN"]
[Date "2022.06.03"]
[Round "1"]
[White "Nica, Ion"]
[Black "Bain-Thouverez, Aurelien"]
[Result "0-1"]
[WhiteElo "1696"]
[BlackElo "1720"]
[PlyCount "40"]
[EventDate "2022.06.03"]
[EventType "tourn"]
[EventRounds "5"]
[EventCountry "CAN"]

1. b3 e5 2. Bb2 Nc6 3. e3 g6 4. Bb5 Bg7 5. Nf3 Nge7 6. d3 O-O 7. Nbd2 d5 8. h3
Qd6 9. O-O Nd8 10. d4 e4 11. Nh2 Ne6 12. c4 c6 13. c5 Qc7 14. Be2 Nxc5 15. Qc2
Ne6 16. Ba3 Re8 17. Bxe7 Qxe7 18. Rfc1 Nxd4 19. exd4 Bxd4 20. Ndf1 Qf6 0-1

[Event "Transcontinental ABCD"]
[Site "Montreal CAN"]
[Date "2022.06.03"]
[Round "1"]
[White "Robichaud, Louis"]
[Black "Yu, Zong Yang"]
[Result "0-1"]
[WhiteElo "2129"]
[BlackElo "2481"]
[PlyCount "62"]
[EventDate "2022.06.03"]
[EventType "tourn"]
[EventRounds "5"]
[EventCountry "CAN"]

1. e4 c6 2. d3 d5 3. Nd2 e5 4. Ngf3 Bd6 5. g3 Nf6 6. Bg2 O-O 7. O-O Re8 8. b3
a5 9. a4 Na6 10. Bb2 Nb4 11. h3 Qc7 12. Re1 dxe4 13. dxe4 b5 14. Nh4 Be6 15.
Ndf3 h6 16. Qe2 bxa4 17. Rxa4 Nd7 18. Raa1 g6 19. Rad1 Bf8 20. Ra1 Bg7 21. Qd2
Red8 22. Qc3 c5 23. g4 Kh7 24. Nf5 Bf6 25. Ne3 Nc6 26. Nd2 Nb6 27. f4 Nd4 28.
f5 Nb5 29. fxe6 Nxc3 30. Bxc3 fxe6 31. Bxa5 Rxa5 0-1

[Event "Transcontinental ABCD"]
[Site "Montreal CAN"]
[Date "2022.06.03"]
[Round "1"]
[White "Tsukerman, Julia"]
[Black "Sekki, Abderaouf"]
[Result "1/2-1/2"]
[WhiteElo "1960"]
[BlackElo "1792"]
[PlyCount "121"]
[EventDate "2022.06.03"]
[EventType "tourn"]
[EventRounds "5"]
[EventCountry "CAN"]

1. e4 d6 2. d4 Nf6 3. Nc3 Nbd7 4. Be3 e5 5. f3 c6 6. Qd2 b5 7. d5 cxd5 8. Nxd5
Nxd5 9. Qxd5 Rb8 10. O-O-O Qa5 11. Kb1 Nf6 12. Qd2 Qc7 13. Ne2 Be6 14. Nc3 a6
15. g4 Be7 16. h4 b4 17. Nd5 Bxd5 18. exd5 a5 19. Be2 a4 20. Qd3 a3 21. f4 Nd7
22. b3 O-O 23. g5 Rfc8 24. f5 Nc5 25. Qc4 Qd7 26. Qg4 Qc7 27. Bc4 Na4 28. Rd2
Nb2 29. f6 Nxc4 30. bxc4 Bf8 31. fxg7 Be7 32. c5 dxc5 33. Qc4 Bd6 34. h5 Kxg7
35. Rg1 Kh8 36. Rdg2 Rg8 37. g6 fxg6 38. hxg6 Bf8 39. Rh2 Rg7 40. Qe4 c4 41.
Rxh7+ Rxh7 42. gxh7 Bg7 43. Rg4 b3 44. Qxc4 bxa2+ 45. Kxa2 Rb2+ 46. Kxa3 Rxc2
47. Qxc7 Rxc7 48. Kb4 Kxh7 49. Bc5 Kg8 50. Kb5 Kf7 51. d6 Rd7 52. Kc6 Rd8 53.
Kc7 Ra8 54. Rh4 Bf6 55. Rb4 Ke6 56. Rg4 Bd8+ 57. Kb7 Ra5 58. Bb4 Rb5+ 59. Kc8
Bf6 60. Rc4 Rxb4 61. Rxb4 1/2-1/2

[Event "Transcontinental ABCD"]
[Site "Montreal CAN"]
[Date "2022.06.04"]
[Round "2"]
[White "Bain-Thouverez, Aurelien"]
[Black "Forgues, Eric"]
[Result "1/2-1/2"]
[WhiteElo "1720"]
[BlackElo "1633"]
[PlyCount "94"]
[EventDate "2022.06.03"]
[EventType "tourn"]
[EventRounds "5"]
[EventCountry "CAN"]

1. Nf3 Nf6 2. g3 d5 3. Bg2 c6 4. O-O Nbd7 5. d4 e6 6. c4 Bd6 7. b3 O-O 8. Bb2
Re8 9. Nbd2 e5 10. cxd5 cxd5 11. dxe5 Nxe5 12. Nd4 a6 13. Rc1 Bd7 14. Qc2 Rc8
15. Qb1 Rxc1 16. Rxc1 Nc6 17. Nxc6 Bxc6 18. Qa1 Rxe2 19. Nf3 Re7 20. Nd4 Rc7
21. Nf5 Bf8 22. Rd1 Rd7 23. Ne3 Ne8 24. Bh3 Re7 25. Nf5 Rc7 26. Be5 Rc8 27. Rd4
g6 28. Rh4 f6 29. Nh6+ Bxh6 30. Rxh6 Bd7 31. Bd4 Bxh3 32. Rxh3 Qe7 33. g4 Rc6
34. Qd1 Re6 35. Be3 Nc7 36. Kg2 Re4 37. Rg3 Qe5 38. h3 d4 39. Bd2 Nb5 40. Qc1
Qd5 41. Rf3 Re7 42. Qc8+ Kg7 43. g5 f5 44. Qb8 Nc3 45. Bxc3 dxc3 46. Qc8 Qe5
47. Qxc3 Kf7 1/2-1/2

[Event "Transcontinental ABCD"]
[Site "Montreal CAN"]
[Date "2022.06.04"]
[Round "2"]
[White "Constantin, David"]
[Black "Yu, Zong Yang"]
[Result "0-1"]
[WhiteElo "2082"]
[BlackElo "2481"]
[PlyCount "164"]
[EventDate "2022.06.03"]
[EventType "tourn"]
[EventRounds "5"]
[EventCountry "CAN"]

1. d4 Nf6 2. Nf3 e6 3. c4 d5 4. g3 Be7 5. Bg2 O-O 6. O-O c6 7. b3 b6 8. Bb2
Nbd7 9. Nbd2 Bb7 10. Qc2 c5 11. Rac1 dxc4 12. Nxc4 Be4 13. Qd2 Qb8 14. Rfd1 Rd8
15. Qf4 Qxf4 16. gxf4 Nd5 17. e3 Nb4 18. Nfe5 Bxg2 19. Kxg2 Nxe5 20. Nxe5 f6
21. Nc4 Nxa2 22. Ra1 Nb4 23. dxc5 Rxd1 24. Rxd1 Bxc5 25. Rd7 a5 26. Rb7 a4 27.
bxa4 Nd5 28. f5 exf5 29. a5 bxa5 30. Rb5 Rc8 31. Nxa5 Ne7 32. Nb3 Bd6 33. Rb7
f4 34. Nd4 fxe3 35. fxe3 Re8 36. Rd7 Bc5 37. Kf3 Ng6 38. Rb7 Ne5+ 39. Ke2 Ng4
40. Nf5 Nxe3 41. Nxe3 Rxe3+ 42. Kf1 Bd6 43. h4 h5 44. Rb5 Rh3 45. Rd5 Rh1+ 46.
Kg2 Rh2+ 47. Kf3 Rxb2 48. Rxd6 Rb4 49. Kg3 Rb3+ 50. Kg2 Kh7 51. Rd5 Kh6 52. Rd6
Re3 53. Ra6 Kg6 54. Ra7 Re4 55. Kg3 Rg4+ 56. Kh3 Kh6 57. Ra6 Rf4 58. Rb6 Kh7
59. Rb7 Rf5 60. Ra7 Re5 61. Rb7 Kg8 62. Rb8+ Kf7 63. Rb7+ Re7 64. Rb5 g6 65.
Kg3 Re3+ 66. Kg2 Ke6 67. Rb6+ Kf5 68. Ra6 g5 69. hxg5 fxg5 70. Ra5+ Kf4 71. Ra8
h4 72. Rf8+ Kg4 73. Rg8 Re2+ 74. Kf1 Ra2 75. Kg1 h3 76. Rg7 Kh4 77. Rb7 g4 78.
Rb4 Re2 79. Ra4 Kg3 80. Ra3+ Kf4 81. Ra4+ Kf3 82. Ra3+ Re3 0-1

[Event "Transcontinental ABCD"]
[Site "Montreal CAN"]
[Date "2022.06.04"]
[Round "2"]
[White "Cote, Etienne"]
[Black "Tsukerman, Julia"]
[Result "0-1"]
[WhiteElo "1796"]
[BlackElo "1960"]
[PlyCount "78"]
[EventDate "2022.06.03"]
[EventType "tourn"]
[EventRounds "5"]
[EventCountry "CAN"]

1. e4 c5 2. Nf3 d6 3. d4 cxd4 4. Nxd4 Nf6 5. Nc3 a6 6. Be2 e5 7. Nb3 Be6 8. Bf3
Nbd7 9. g4 h6 10. Rg1 Nb6 11. h4 d5 12. Qe2 d4 13. Nd5 Bd6 14. Nxb6 Qxb6 15. g5
hxg5 16. hxg5 Nd7 17. Bg4 Nf8 18. f4 exf4 19. Rf1 Bxg4 20. Qxg4 Ng6 21. Bd2 Be5
22. O-O-O Rh4 23. Qf5 Qd6 24. Rh1 Rxh1 25. Rxh1 Qc6 26. Bb4 b6 27. Rd1 Rc8 28.
Rd2 a5 29. Ba3 a4 30. Na1 Qe6 31. b3 b5 32. Bb2 Rd8 33. Rd3 Qxf5 34. exf5 Nh4
35. bxa4 bxa4 36. f6 gxf6 37. gxf6 Bxf6 38. Ra3 f3 39. Kd1 Rb8 0-1

[Event "Transcontinental ABCD"]
[Site "Montreal CAN"]
[Date "2022.06.04"]
[Round "2"]
[White "Fiset, Anais Chloe"]
[Black "Messier, David"]
[Result "0-1"]
[WhiteElo "1726"]
[BlackElo "1771"]
[PlyCount "86"]
[EventDate "2022.06.03"]
[EventType "tourn"]
[EventRounds "5"]
[EventCountry "CAN"]

1. e4 c5 2. Nf3 d6 3. Bb5+ Bd7 4. Bxd7+ Qxd7 5. c4 Nc6 6. Nc3 g6 7. d4 cxd4 8.
Nxd4 Bg7 9. Be3 Nf6 10. h3 O-O 11. O-O Rac8 12. Qd3 Ne5 13. Qe2 Nxc4 14. Rac1
a6 15. Rc2 b5 16. Rfc1 Nxe3 17. Qxe3 Qb7 18. a3 Rc4 19. Nb3 Qc7 20. Nd2 Rc6 21.
Nf3 Qb7 22. Nd4 Rc7 23. Nb3 Rfc8 24. f3 h5 25. Na5 Qb8 26. Re1 b4 27. axb4 Qxb4
28. Ra1 Ng4 29. Qd2 Bd4+ 30. Kh1 Nf2+ 31. Kh2 Be5+ 32. f4 Nxe4 33. Qe3 Bxc3 34.
bxc3 Nxc3 35. Qd2 Qe4 36. Rac1 Nd5 37. Rxc7 Rxc7 38. Rxc7 Nxc7 39. Qc1 Nd5 40.
Qc8+ Kg7 41. Qxa6 Qxf4+ 42. Kg1 Ne3 43. Qe2 Nf5 0-1

[Event "Transcontinental ABCD"]
[Site "Montreal CAN"]
[Date "2022.06.04"]
[Round "2"]
[White "Girard, Sylvain"]
[Black "Gauthier, Luc"]
[Result "1-0"]
[WhiteElo "1639"]
[BlackElo "1617"]
[PlyCount "41"]
[EventDate "2022.06.03"]
[EventType "tourn"]
[EventRounds "5"]
[EventCountry "CAN"]

1. Nf3 d5 2. c4 e6 3. d4 c5 4. Nc3 Nc6 5. e3 Nf6 6. a3 a6 7. cxd5 exd5 8. dxc5
Bxc5 9. Be2 O-O 10. O-O d4 11. exd4 Nxd4 12. Nxd4 Qxd4 13. Qc2 Ng4 14. Bxg4
Bxg4 15. Be3 Qd6 16. Ne4 Qg6 17. Bxc5 Rfc8 18. f3 b6 19. fxg4 Rxc5 20. Qf2 h5
21. Nxc5 1-0

[Event "Transcontinental ABCD"]
[Site "Montreal CAN"]
[Date "2022.06.04"]
[Round "2"]
[White "Jacquet, Stephane"]
[Black "Robichaud, Louis"]
[Result "0-1"]
[WhiteElo "2022"]
[BlackElo "2129"]
[PlyCount "94"]
[EventDate "2022.06.03"]
[EventType "tourn"]
[EventRounds "5"]
[EventCountry "CAN"]

1. d4 Nf6 2. c4 g6 3. Nc3 Bg7 4. e4 d6 5. Nf3 O-O 6. Be2 e5 7. O-O Nc6 8. d5
Ne7 9. Ne1 Ne8 10. Nd3 f5 11. Bd2 Nf6 12. f3 f4 13. c5 g5 14. Rc1 Ng6 15. cxd6
cxd6 16. Nb5 Qb6+ 17. Nf2 Ne8 18. a4 Rf7 19. a5 Qd8 20. Qb3 h5 21. h3 Bf8 22.
Rc2 Nh4 23. Rfc1 a6 24. Na3 Bd7 25. Qb6 Qf6 26. Rc3 Rd8 27. Be1 Be7 28. Qxb7
Qg6 29. b4 Nf6 30. Nh1 Nxg2 31. Kxg2 g4 32. hxg4 hxg4 33. Ng3 fxg3 34. fxg4
Bxg4 35. Rxg3 Rg7 36. Rc7 Qxe4+ 37. Kg1 Qxe2 38. Rxe7 Qxe1+ 39. Kh2 Qf2+ 40.
Rg2 Qh4+ 41. Kg1 Rxe7 42. Qxe7 Rc8 43. Nc2 Kh8 44. Rh2 Bh3 45. Rxh3 Rg8+ 46.
Kh2 Ng4+ 47. Kg2 Nf2+ 0-1

[Event "Transcontinental ABCD"]
[Site "Montreal CAN"]
[Date "2022.06.04"]
[Round "2"]
[White "Jiang, Barron Jiyu"]
[Black "Goldner, John"]
[Result "1-0"]
[WhiteElo "1740"]
[BlackElo "1740"]
[PlyCount "69"]
[EventDate "2022.06.03"]
[EventType "tourn"]
[EventRounds "5"]
[EventCountry "CAN"]

1. e4 e5 2. Nf3 Nc6 3. d4 exd4 4. Nxd4 Qh4 5. Nxc6 Qxe4+ 6. Be2 Qxc6 7. O-O d5
8. Nc3 a6 9. a4 b6 10. Bf4 Be6 11. Nb5 Bd6 12. Bxd6 cxd6 13. Ra3 Qd7 14. Rc3
Kf8 15. Nc7 Rc8 16. Nxe6+ fxe6 17. Rf3+ Nf6 18. Bxa6 Rc5 19. b4 Rc7 20. Bb5 Qc8
21. c4 dxc4 22. Qxd6+ Kf7 23. Rd1 c3 24. Bd7 Rxd7 25. Qxd7+ Qxd7 26. Rxd7+ Ke8
27. Rb7 Nd5 28. Rb8+ Kd7 29. Rxh8 c2 30. Rf7+ Kd6 31. Rc8 Nxb4 32. Rfc7 e5 33.
Rc4 Na6 34. Rxc2 Nc5 35. a5 1-0

[Event "Transcontinental ABCD"]
[Site "Montreal CAN"]
[Date "2022.06.04"]
[Round "2"]
[White "Kozlov, Guennadi"]
[Black "Turcotte, Jonathan"]
[Result "1/2-1/2"]
[WhiteElo "1833"]
[BlackElo "1994"]
[PlyCount "107"]
[EventDate "2022.06.03"]
[EventType "tourn"]
[EventRounds "5"]
[EventCountry "CAN"]

1. e4 c6 2. d4 d5 3. e5 Bf5 4. Bd3 Bxd3 5. Qxd3 e6 6. Nf3 c5 7. Qb5+ Qd7 8.
Qxd7+ Nxd7 9. c3 Ne7 10. O-O Nc6 11. a3 Rc8 12. Nbd2 cxd4 13. cxd4 Be7 14. Nb3
Nb6 15. Bd2 Nc4 16. Bc3 O-O 17. Nfd2 Rfd8 18. Rfd1 g6 19. Rac1 b6 20. g3 a5 21.
Nf1 b5 22. Rc2 a4 23. Nbd2 Rd7 24. Nxc4 dxc4 25. Ne3 Rcd8 26. Rcd2 f6 27. Ng4
fxe5 28. Nxe5 Nxe5 29. dxe5 Rxd2 30. Rxd2 Rxd2 31. Bxd2 Bc5 32. Bc3 g5 33. Kg2
Kf7 34. g4 Ke8 35. Kg3 Kd7 36. f4 gxf4+ 37. Kxf4 Be7 38. g5 Kc6 39. h4 Kd5 40.
h5 Bf8 41. g6 hxg6 42. hxg6 Bg7 43. Kg5 Ke4 44. Kg4 Kd3 45. Kf4 Kc2 46. Bd4 Kb3
47. Ke4 b4 48. axb4 Kxb4 49. Bc3+ Kb3 50. Kd4 Bh8 51. Bd2 Bg7 52. Bc3 Bf8 53.
Bd2 Bg7 54. Bc3 1/2-1/2